[Event "16th OIBM 2012"]
[Site "Bad Wiessee GER"]
[Date "2012.11.04"]
[Round "9.16"]
[White "Foerster,S"]
[Black "Gutman,L"]
[Result "0-1"]
[WhiteElo "2070"]
[BlackElo "2466"]

1.e4 c5 2.Nf3 d6 3.Bb5+ Nc6 4.O-O Bd7 5.Re1 Rc8 6.Na3 g6 7.d4 Bg7 8.e5 dxe5
9.dxe5 Nh6 10.Bg5 O-O 11.Qd2 Nf5 12.Rad1 Ncd4 13.Nxd4 cxd4 14.g4 f6 15.gxf5 fxg5
16.fxg6 Rf4 17.gxh7+ Kh8 18.Bxd7 Qxd7 19.f3 Qf5 20.Qd3 Qh3 21.Qf1 Qh5 22.Re4 Rxe4
23.fxe4 Rf8 24.Qd3 Bxe5 25.Rd2 Qg4+ 26.Rg2 Qh4 27.Re2 g4 28.Nc4 Bxh2+ 29.Kg2 e5
30.Nd2 Bf4 31.Nf1 Rf7 32.Qa3 Kxh7 33.Qb3 Kg7 34.a4 Be3 35.Nxe3 Qh3+ 36.Kg1 dxe3
37.Rg2 Qf3 38.Qd3 g3 39.Qe2 Kh6 40.b4 Kg5 41.Qd3 Kg4 42.c4 Kh3 43.Qe2 Qxe2  0-1

[Event "TCh-CZE Extraliga 2012-13"]
[Site "Czech Republic CZE"]
[Date "2012.11.04"]
[Round "2.4"]
[White "Klima,L"]
[Black "Duda,J"]
[Result "0-1"]
[WhiteElo "2340"]
[BlackElo "2456"]

1.e4 c5 2.Nf3 d6 3.Bb5+ Nd7 4.d4 cxd4 5.Qxd4 a6 6.Bxd7+ Bxd7 7.Nc3 e5 8.Qd3 h6
9.O-O Nf6 10.a4 Be7 11.a5 O-O 12.Be3 Bc6 13.Bb6 Qd7 14.Rfe1 Qe6 15.Rad1 Rac8
16.Nd2 Nh5 17.Be3 f5 18.exf5 Rxf5 19.Nde4 Nf4 20.Bxf4 Rxf4 21.f3 Rf7 22.Nd5 Bxd5
23.Qxd5 Qxd5 24.Rxd5 Rxc2 25.Nxd6 Bxd6 26.Rxd6 Rf6 27.Rd8+ Kh7 28.Rxe5 Rg6
29.g4 Rxb2 30.Red5 Rf6 31.Rd3 Ra2 32.R8d7 Rf4 33.Rd2 Rxd2 34.Rxd2 Rxf3 35.Rb2 Rf4
36.h3 Ra4 37.Rxb7 Rxa5 38.Kg2 Rb5 39.Ra7 Rb6 40.Kg3 Kg6 41.h4 Rb3+ 42.Kf4 Ra3
43.Rb7 Ra4+ 44.Kg3 a5 45.Rb6+ Kf7 46.Ra6 Ra1 47.h5 a4 48.Kf4 a3 49.Kf5 a2
50.Ra7+ Kg8  0-1

[Event "TCh-NOR Eliteserien 2012-13"]
[Site "Haraldsheim NOR"]
[Date "2012.11.04"]
[Round "3"]
[White "Ekeberg,C"]
[Black "Grandelius,N"]
[Result "0-1"]
[WhiteElo "2274"]
[BlackElo "2593"]

1.e4 c5 2.Nf3 d6 3.Bb5+ Nd7 4.c3 Nf6 5.Qe2 a6 6.Ba4 e5 7.Bb3 Be7 8.a4 O-O
9.d3 b6 10.Bg5 Bb7 11.Nbd2 d5 12.O-O c4 13.Bc2 cxd3 14.Bxd3 dxe4 15.Nxe4 Bxe4
16.Bxe4 Nxe4 17.Bxe7 Nxc3 18.bxc3 Qxe7 19.Rfd1 e4 20.Nd2 Nc5 21.Nc4 Qc7 22.Ne3 Nd3
23.Nd5 Qc5 24.c4 Rad8 25.Qe3 Qxc4 26.Nxb6 Qe6 27.Rab1 f5 28.f3 h6 29.a5 Qe5
30.h3 Kh8 31.Nc4 Qd5 32.Nb2 f4 33.Qxe4 Qc5+ 34.Kh1 Nf2+  0-1

[Event "TCh-NOR Eliteserien 2012-13"]
[Site "Haraldsheim NOR"]
[Date "2012.11.04"]
[Round "3"]
[White "Devereaux,M"]
[Black "Hansen,TR"]
[Result "0-1"]
[WhiteElo "2367"]
[BlackElo "2444"]

1.e4 c5 2.Nf3 d6 3.Bb5+ Nd7 4.O-O a6 5.Bd3 Ngf6 6.c3 b5 7.Bc2 Bb7 8.Qe2 Qc7
9.a4 b4 10.d3 g6 11.Bb3 Bg7 12.a5 bxc3 13.bxc3 O-O 14.Bg5 Rab8 15.Nbd2 Bc6
16.Ra3 h6 17.Bh4 g5 18.Bg3 Nh5 19.Rc1 Rb5 20.Nc4 Nxg3 21.hxg3 Rfb8 22.Qa2 e6
23.Ba4 R5b7 24.Rb3 Bb5 25.Nfd2 Qc6 26.Rcb1 d5 27.exd5 exd5 28.Bxb5 axb5 29.Ne3 c4
30.dxc4 dxc4 31.Ndxc4 bxc4 32.Rxb7 Rxb7 33.Rxb7 Qxb7 34.Qxc4 Ne5 35.Qb4 Qc6
36.c4 Nd3 37.Qb8+ Kh7 38.Qb1 Qe4 39.a6 Bd4 40.Qb7 Qxb7 41.axb7 Ba7 42.Ng4 Kg6
43.Kf1 f6 44.Ke2 Nc5 45.Ne3 Nxb7 46.Nd1 Kf5 47.f3 h5 48.Kd3 Nc5+ 49.Kc3 Ne6
50.Kd3 Bd4  0-1

[Event "Chigorin Memorial"]
[Site "St Petersburg RUS"]
[Date "2012.11.04"]
[Round "9.23"]
[White "Solak,D"]
[Black "Oparin,G"]
[Result "1/2-1/2"]
[WhiteElo "2590"]
[BlackElo "2484"]

1.e4 c5 2.Nf3 d6 3.Bb5+ Bd7 4.Bxd7+ Qxd7 5.O-O Nc6 6.c3 Nf6 7.Re1 e6 8.d4 cxd4
9.cxd4 d5 10.e5 Ne4 11.a3 Be7 12.Qd3 O-O 13.Nbd2 Nxd2 14.Bxd2 h6 15.Re3 f5
16.exf6 Rxf6 17.Rae1 Bd6 18.Qe2 Re8 19.Bc3 Bf4 20.Rd3 Bd6 21.Re3 Bf4 22.Rd3 Bd6
23.Re3  1/2-1/2

[Event "Subzonal 2.3 2012"]
[Site "Pamplona COL"]
[Date "2012.11.05"]
[Round "1.19"]
[White "Tovio,I"]
[Black "Galvis,Carlos Alberto"]
[Result "1-0"]
[WhiteElo "2281"]
[BlackElo "1970"]

1.e4 c5 2.Nf3 d6 3.Bb5+ Nc6 4.O-O g6 5.d4 cxd4 6.Qxd4 Nf6 7.e5 dxe5 8.Qxd8+ Kxd8
9.Bxc6 bxc6 10.Nxe5 Ke8 11.Nxc6 Bb7 12.Ne5 Nd5 13.b3 Nb4 14.Na3 f6 15.Nec4 Rd8
16.Bb2 Be4 17.Rae1 Bf5 18.Bxf6 Rg8 19.Re2 Kf7 20.Bb2 Bg7 21.Bxg7 Rxg7 22.Rfe1 Kf8
23.c3 Nd3 24.Rd1 Rd5 25.Ne3 Nf4 26.Nxd5 Nxe2+ 27.Kf1 e6 28.Kxe2 exd5 29.Rxd5 Be4
30.Rg5 Re7 31.Kd2 Bf5 32.Rg3 Kf7 33.Nb5 Bb1 34.a4 Ba2 35.Nd4  1-0

[Event "Subzonal 2.3 2012"]
[Site "Pamplona COL"]
[Date "2012.11.06"]
[Round "4.5"]
[White "Cuartas,Ja"]
[Black "Saladen,R"]
[Result "1-0"]
[WhiteElo "2517"]
[BlackElo "2213"]

1.e4 c5 2.Nf3 d6 3.Bb5+ Bd7 4.Bxd7+ Nxd7 5.c4 e6 6.O-O Be7 7.Nc3 Ngf6 8.b3 Ne5
9.d3 Nfd7 10.Ne1 g5 11.Nc2 Bf6 12.d4 cxd4 13.Nxd4 a6 14.Be3 h5 15.f3 Nc5
16.Qc2 Ncd3 17.Rad1 Nf4 18.Nde2 Nxe2+ 19.Nxe2 Qc7 20.Qd2 O-O-O 21.Bxg5 Bxg5
22.Qxg5 Qc5+ 23.Kh1 Rhg8 24.Qd2 h4 25.Nf4 Nc6 26.Nd3 Qh5 27.b4 e5 28.h3 Nd4
29.Nf4 Qh6 30.Nd5 Qe6 31.b5 Rg3 32.Qa5 Kd7 33.Rxd4 exd4 34.bxa6 Rdg8 35.Qc7+ Ke8
36.Qb8+ Kd7 37.Qxb7+ Kd8 38.Nf4 Qd7 39.Rb1 Qxb7 40.axb7 Kc7 41.Nd5+ Kb8 42.Ne7 Rxg2
43.a4 R2g3 44.Nxg8 Rxh3+ 45.Kg2 Rg3+ 46.Kh2 Rxg8 47.a5 Ka7 48.e5 dxe5 49.c5 d3
50.c6 d2 51.c7  1-0

[Event "WY BU14 2012"]
[Site "Maribor SLO"]
[Date "2012.11.08"]
[Round "1.20"]
[White "Martins,Gu"]
[Black "Gajek,R"]
[Result "0-1"]
[WhiteElo "1814"]
[BlackElo "2250"]

1.e4 c5 2.Nf3 d6 3.Bb5+ Bd7 4.Bxd7+ Qxd7 5.c4 Nc6 6.O-O Nf6 7.Nc3 g6 8.d4 cxd4
9.Nxd4 Bg7 10.Re1 O-O 11.f3 Rfc8 12.Nde2 Nd8 13.Qd3 Ne6 14.Be3 Nc5 15.Qd2 a6
16.Red1 Qe8 17.Rac1 b5 18.Nd5 Nfd7 19.Bg5 f6 20.Bf4 bxc4 21.Rxc4 Rab8 22.Rdc1 Bf8
23.Be3 e6 24.b4 exd5 25.Qxd5+ Qf7 26.Qxf7+ Kxf7 27.bxc5 dxc5 28.Rd1 Ne5 29.Ra4 Rc6
30.Nc3 c4 31.Bd4 Nd3 32.Nd5 Rb5 33.Ne3 Rb4 34.Rxb4 Bxb4 35.Nxc4 Rxc4 36.Rxd3 Rxd4
37.Rb3 a5 38.a3 a4 39.Re3 Rd1+  0-1

[Event "WY BU18 2012"]
[Site "Maribor SLO"]
[Date "2012.11.08"]
[Round "1.14"]
[White "Idani,P"]
[Black "Aleman Hernandez,Andres"]
[Result "1-0"]
[WhiteElo "2462"]
[BlackElo "2161"]

1.e4 c5 2.Nf3 d6 3.Bb5+ Bd7 4.Bxd7+ Qxd7 5.O-O Nc6 6.Qe2 e6 7.Rd1 Nf6 8.d4 cxd4
9.Nxd4 Be7 10.c4 O-O 11.Nf3 Qc7 12.Nc3 a6 13.Bf4 Ne5 14.b3 Ng6 15.Bd2 Rfd8
16.Rac1 Rac8 17.Na4 b6 18.Be3 Rb8 19.Bd4 Qc6 20.Re1 e5 21.Be3 Rd7 22.Nd2 Rdb7
23.Nc3 Qd7 24.a4 Ng4 25.Nd5 h6 26.h3 Nxe3 27.fxe3 b5 28.cxb5 axb5 29.a5 Bg5
30.Nb1 b4 31.Nd2 Bd8 32.Nc4 Ne7 33.Nxe7+ Qxe7 34.Red1 Rb5 35.Ra1 Bc7 36.a6 Rc5
37.a7 Ra8 38.Ra6 Kh7 39.Qa2 Qg5 40.Qa4 Rxc4 41.bxc4 Qxe3+ 42.Kh1 Bb6 43.Qc6 Qe2
44.Rda1  1-0

[Event "Subzonal 2.3 2012"]
[Site "Pamplona COL"]
[Date "2012.11.08"]
[Round "7.26"]
[White "Angulo Pimienta,Angel Gabriel"]
[Black "Bolivar,J"]
[Result "0-1"]
[WhiteElo "1969"]
[BlackElo "2101"]

1.e4 c5 2.Nf3 d6 3.Bb5+ Nd7 4.O-O Nf6 5.Nc3 a6 6.Be2 e6 7.b3 Be7 8.Bb2 O-O
9.d3 e5 10.Nd2 b5 11.f4 exf4 12.Rxf4 Ne5 13.h3 Be6 14.Rf1 Nfd7 15.Nd5 Bg5
16.Nf3 Nxf3+ 17.Bxf3 Bxd5 18.exd5 Bf6 19.Bxf6 Qxf6 20.Qd2 b4 21.a3 a5 22.Ra2 Qd4+
23.Kh1 Nf6 24.Rfa1 Rae8 25.axb4 axb4 26.Qg5 h6 27.Qg3 Rd8 28.Re1 Nxd5 29.Re4 Qf6
30.Rg4 Nc3 31.Ra7 Rde8 32.Qf4 Qxf4 33.Rxf4 Ne2 34.Rg4 Nd4 35.Rd7 Nxf3 36.gxf3 Re2
37.Rg2 Rfe8 38.Rxd6 Rxg2 39.Kxg2 Re2+ 40.Kg3 Rxc2 41.d4 c4 42.bxc4 Rxc4 43.Rd7 b3
44.Rb7 Rxd4 45.Rxb3 g5 46.Rb2 Kg7 47.Ra2 Kg6 48.Rb2 h5 49.Ra2 h4+ 50.Kf2 Kf5
51.Rb2 Kf4 52.Ra2 f6 53.Rb2 Rc4 54.Ra2 Ke5 55.Rb2 Kd4 56.Re2 f5 57.Rb2 Kc3
58.Re2 Kd4 59.Rb2 f4 60.Re2 Kd3 61.Re8 Rc2+ 62.Kg1 Re2 63.Rg8 Ke3 64.Rxg5 Kxf3
65.Rg4 Re1+ 66.Kh2 Ke3 67.Rxh4 f3 68.Rh8 f2 69.Re8+ Kd4  0-1

[Event "FSGM Nov 2012"]
[Site "Budapest HUN"]
[Date "2012.11.09"]
[Round "7.1"]
[White "Szabo,Krisz1"]
[Black "Bakre,T"]
[Result "1/2-1/2"]
[WhiteElo "2541"]
[BlackElo "2481"]

1.e4 c5 2.Nf3 d6 3.Bb5+ Bd7 4.Bxd7+ Qxd7 5.c4 Nc6 6.Nc3 Nf6 7.d4 cxd4 8.Nxd4 g6
9.h3 Bg7 10.Be3 O-O 11.O-O Nxd4 12.Bxd4 Qc6 13.Qd3 e6 14.Rac1 a6 15.a4 Rac8
16.b3 Qc7 17.Qe3 Nd7 18.Bxg7 Kxg7 19.Qd4+ Nf6 20.Ne2  1/2-1/2

[Event "WY GU18 2012"]
[Site "Maribor SLO"]
[Date "2012.11.09"]
[Round "2"]
[White "Narva,T"]
[Black "Brunello,M"]
[Result "0-1"]
[WhiteElo "2065"]
[BlackElo "2248"]

1.e4 c5 2.Nf3 d6 3.Bb5+ Nd7 4.d4 cxd4 5.Qxd4 a6 6.Bxd7+ Bxd7 7.Bg5 Rc8 8.Nc3 h6
9.Bh4 e5 10.Qd3 g5 11.Bg3 Nf6 12.h3 Be6 13.Nd2 Qb6 14.Rb1 Qc6 15.h4 g4 16.O-O Be7
17.Rbc1 Qb6 18.Nd1 Nh5 19.Ne3 Rg8 20.c4 Kf8 21.b4 Nf4 22.Bxf4 exf4 23.Nd5 Bxd5
24.Qxd5 Bxh4 25.Qf5 Re8 26.c5 dxc5 27.g3 Be7 28.bxc5 Qc7 29.gxf4 g3 30.f3 Qa5
31.Rc2 Rd8 32.Nb3 Qb5 33.Kg2 Qd3 34.Rd2 Qe3 35.Rfd1 Rd3 36.Qh5 Rxd2+ 37.Rxd2 Qxf4
38.Rd3 Rg6 39.Nd4 Qc1 40.Qe5 Qb2+  0-1

[Event "CBX IM Salvador 2012"]
[Site "Salvador BRA"]
[Date "2012.11.09"]
[Round "3.3"]
[White "Marrero Lopez,Yan"]
[Black "De Oliveira,Hebert Silva"]
[Result "1-0"]
[WhiteElo "2305"]
[BlackElo "2140"]

1.e4 c5 2.Nf3 d6 3.Bb5+ Bd7 4.Bxd7+ Qxd7 5.c4 Nf6 6.Nc3 e6 7.O-O Be7 8.d4 cxd4
9.Nxd4 O-O 10.b3 Nc6 11.a3 Rfd8 12.Be3 Rac8 13.f4 Ne8 14.Qf3 Bf6 15.Nde2 Qc7
16.Rac1 Qa5 17.Kh1 Nc7 18.Rfd1 Kh8 19.Bf2 Ne8 20.Be1 Qb6 21.Nb5 Kg8 22.Nxd6 Nxd6
23.c5 Qc7 24.cxd6 Rxd6 25.Rxd6 Qxd6 26.e5 Bxe5 27.fxe5 Qxe5 28.Bg3 Qf6 29.Qxf6 gxf6
30.Bh4 Kg7 31.Nd4 Kg6 32.Rc3 f5 33.Nxc6 bxc6 34.Rg3+ Kh6 35.Bg5+ Kh5 36.Bf6 Rc7
37.Rg7 Kh6 38.Rg5 Rd7 39.h4  1-0

[Event "Bundesliga 2012-13"]
[Site "Eppingen GER"]
[Date "2012.11.10"]
[Round "3"]
[White "Balogh,C"]
[Black "Antoniewski,R"]
[Result "1/2-1/2"]
[WhiteElo "2664"]
[BlackElo "2552"]

1.e4 c5 2.Nf3 d6 3.Bb5+ Nd7 4.c3 Nf6 5.Qe2 a6 6.Ba4 e5 7.O-O Be7 8.d4 O-O
9.dxe5 Nxe5 10.Nxe5 dxe5 11.c4 Bg4 12.f3 Be6 13.Rd1 Qa5 14.Nc3 Rfd8 15.Bd2 Qc7
16.Bc2 Rd4 17.b3 Rd7 18.a4 a5 19.Be3 Rxd1+ 20.Rxd1 Rd8 21.Nd5 Bxd5 22.cxd5 Ne8
23.Bd3 h6 24.Qd2 b6 25.g3 Nd6 26.f4 Bf6 27.f5 Rc8 28.Qe2 Qd8 29.h4 Be7 30.Kg2 Qd7
31.Kh3 c4 32.bxc4 Qxa4 33.Bxb6 Nb7 34.Be3 Qd7 35.Qa2 Bb4 36.Bc2 Nd6 37.Bd3 Nb7
38.Rb1 Nc5 39.Qe2 Qd6 40.Bc2 Nd7 41.Bf2 h5 42.Qxh5 Rxc4 43.Qe2 Qc7 44.Bb3 Rc3
45.Be1 Rc5 46.Bxb4 axb4 47.d6 Qxd6 48.Qa2 Qf8 49.Qa7 Qc8 50.Qa2 Qf8 51.Rd1 Rc7
52.Qa5 Qb8 53.Qd5 Nc5 54.Qd8+ Qxd8 55.Rxd8+ Kh7 56.Bd5 g6 57.fxg6+ Kxg6 58.Rg8+ Kh7
59.Rb8 Nd3 60.Kg4 Rc3 61.Bxf7 Nf2+ 62.Kh5 Rxg3 63.Be6 Nd3 64.Rb7+ Rg7 65.Bf5+ Kg8
66.Rb8+ Kf7 67.Kh6 Rg1 68.h5 Rb1 69.Bg6+ Ke7 70.Kg7 Nf4 71.Rb7+ Kd6 72.h6 Rg1
73.h7 Kc6 74.Ra7 Kb6 75.h8=Q Kxa7 76.Kf7 Nxg6 77.Qh2 Rg4 78.Qa2+ Kb8 79.Qd2 Nh8+
80.Kf6 Rg6+ 81.Kf5 Rb6 82.Qd8+ Kb7 83.Qxh8 b3 84.Qh1 b2 85.Qb1 Rb5 86.Kg4 Rb3
87.Kf5 Rb5 88.Ke6 Kc6 89.Kf6 Kb7 90.Ke7 Kc7 91.Ke6 Kc6 92.Kf5 Kb7 93.Kg5 Kb6
94.Kg4 Rb3 95.Kf5 Rb5  1/2-1/2

[Event "WY BU14 2012"]
[Site "Maribor SLO"]
[Date "2012.11.10"]
[Round "3.25"]
[White "Savenkov,K"]
[Black "Skuhala,Jernej"]
[Result "0-1"]
[WhiteElo "2162"]
[BlackElo "1922"]

1.e4 c5 2.Nf3 d6 3.Bb5+ Bd7 4.Bxd7+ Qxd7 5.c4 Nf6 6.Nc3 Nc6 7.O-O g6 8.d4 cxd4
9.Nxd4 Bg7 10.Nde2 O-O 11.f3 a6 12.Be3 Ne5 13.b3 b5 14.Nd5 Rab8 15.cxb5 Nxd5
16.Qxd5 Rxb5 17.Qd2 Rc8 18.Rac1 Rd8 19.Rc2 Rb7 20.Nc3 a5 21.Rfc1 e6 22.Na4 Qb5
23.Rc8 Qe8 24.R1c7 Rxc7 25.Rxc7 d5 26.exd5 exd5 27.Bd4 Nc4 28.bxc4 Bxd4+
29.Kf1 Be5 30.Rc5 Qxa4 31.cxd5 Bd6 32.Rxa5 Qc4+ 33.Qe2 Qc1+ 34.Kf2 Bxh2 35.f4 Bg1+  0-1

[Event "WY BU14 2012"]
[Site "Maribor SLO"]
[Date "2012.11.10"]
[Round "3.12"]
[White "Xu,Minghui"]
[Black "Gajek,R"]
[Result "0-1"]
[WhiteElo "2112"]
[BlackElo "2250"]

1.e4 c5 2.Nf3 d6 3.Bb5+ Bd7 4.Bxd7+ Qxd7 5.c4 Nf6 6.Nc3 Nc6 7.d4 cxd4 8.Nxd4 g6
9.f3 Bg7 10.Be3 O-O 11.O-O Rfc8 12.b3 Qd8 13.Rc1 Qa5 14.Rf2 a6 15.Rfc2 Nb4
16.Rd2 Nc6 17.Nxc6 Rxc6 18.Nd5 Nxd5 19.cxd5 Rc3 20.Qe1 Qc7 21.Rxc3 Qxc3 22.Rd1 Qb2
23.Qf2 Rc8 24.Qxb2 Bxb2 25.Kf2 b5 26.Ke2 f5 27.Bd2 fxe4 28.fxe4 Be5 29.g3 Rc2
30.Rc1 Rxa2 31.b4 Bg7 32.Rc8+ Kf7 33.Kd3 Ra1 34.Ra8 Rd1 35.Rxa6 Bh6 36.Ra2 Bg5
37.Ke2 Rh1 38.h4 Bxd2 39.Rxd2 Rb1 40.Kf3 Rxb4 41.Kf4 Rb3 42.Rc2 b4 43.Ra2 Rb1
44.Rf2 Kg7 45.Ke3 b3 46.Kf4 h5 47.e5 Rc1 48.exd6 exd6 49.Rb2 Rc4+ 50.Kf3 Rc3+
51.Kf2 Kf6 52.Rb1 Rd3 53.Rb2 Ke5 54.Ke2 Kd4  0-1

[Event "6th Kings Tournament"]
[Site "Bucharest ROU"]
[Date "2012.11.11"]
[Round "4.1"]
[White "Caruana,F"]
[Black "Topalov,V"]
[Result "1/2-1/2"]
[WhiteElo "2786"]
[BlackElo "2769"]

1.e4 c5 2.Nf3 d6 3.Bb5+ Nd7 4.O-O a6 5.Bd3 Ngf6 6.c3 g6 7.Bc2 Bg7 8.d4 Qc7
9.a4 O-O 10.d5 b6 11.c4 e6 12.Nc3 exd5 13.cxd5 Re8 14.h3 Rb8 15.Qe2 Ne5 16.Nxe5 Rxe5
17.Be3 Re8 18.Bd3 Bb7 19.Rac1 Re7 20.Qd2 Qd7 21.b3 Bc8 22.Bh6 Bh8 23.Qe2 Re8
24.Rfe1 Ra8 25.Qf3 Qc7 26.Qg3 Nd7 27.f4 Bb7 28.Kh1 Nf6 29.Bc4 Nh5 30.Qf3 Rab8
31.Rcd1 Ra8 32.Rd2 b5 33.axb5 Qa5 34.e5 dxe5 35.Rde2 e4 36.Nxe4 axb5 37.g4 Rxe4
38.Rxe4 Nf6 39.Re7 bxc4 40.bxc4 Bg7 41.Bxg7 Kxg7 42.f5 g5 43.Qe3 h6 44.Qe6 Rf8
45.Rxb7 Qc3 46.Kg2 Qxc4 47.d6 Qd3 48.Re3 Qd1 49.Re1 Qd2+ 50.Re2 Qd3 51.Re7 c4
52.d7 c3 53.Qc6 Qd4 54.Qc7 Qd3 55.d8=Q Rxd8 56.Rxf7+ Kg8 57.Rg7+ Kh8 58.Rge7 h5
59.gxh5 g4 60.hxg4 Qd5+ 61.Kg3 Qd4 62.Qf4 Qxf4+ 63.Kxf4 Nd5+ 64.Kf3 c2 65.Re8+ Kg7
66.h6+ Kf7 67.Rxd8 c1=Q 68.Rd7+ Kf6 69.Rd6+ Kf7 70.Rd7+ Kf6 71.g5+ Kxg5 72.Rxd5 Qf4+
73.Kg2 Qg4+ 74.Kf2 Qf4+ 75.Kg1 Qc1+ 76.Kg2 Qc6 77.Rd2 Kxh6 78.Kg3 Kg5 79.f6+ Kg6
80.R2d3 Qc7+ 81.Rd6 Qc5  1/2-1/2

[Event "TCh-CZE Div1 Vychod 2012-13"]
[Site "Czech Republic CZE"]
[Date "2012.11.11"]
[Round "2.1"]
[White "Jurcik,Mari"]
[Black "Ponizil,C"]
[Result "1-0"]
[WhiteElo "2496"]
[BlackElo "2377"]

1.e4 c5 2.Nf3 d6 3.Bb5+ Bd7 4.Bxd7+ Qxd7 5.c4 g6 6.O-O Bg7 7.d4 cxd4 8.Nxd4 Nf6
9.Nc3 O-O 10.Bg5 Nc6 11.Nf3 Rac8 12.Rc1 h6 13.Bh4 g5 14.Bg3 Nh5 15.Ne5 Nxe5
16.Bxe5 Bxe5 17.Qxh5 Kh7 18.b3 f5 19.exf5 Qxf5 20.Nd5 Rf7 21.Ne3 Qg6 22.Qxg6+ Kxg6
23.Rcd1 h5 24.Rfe1 a6 25.a4 g4 26.Rd3 Kg5 27.Nd5 h4 28.h3 gxh3 29.Rxh3 Bd4
30.Re2 b5 31.axb5 axb5 32.g3 bxc4 33.bxc4 e5 34.Rxh4 Rxc4 35.Kg2 Rc5 36.Nb4 Rb7
37.Nc2 Bc3 38.Ree4 Bd2 39.Na3 Kf6 40.Nc4 Bg5 41.Nxd6 Rd7 42.Ne8+ Kf5 43.Rc4 Rxc4
44.Rxc4 Rd2 45.Rc6 Be7 46.Ng7+ Ke4 47.Rc4+ Kd5 48.Rc7 Bd6 49.Rd7 Kc6 50.Rd8 Rb2
51.Ne6 Be7 52.Rd1 Bf6 53.Kf3 Ra2 54.Ke3 Be7 55.f3 Bd6 56.g4 Ra7 57.Rd3 Re7
58.Ng5 Rg7 59.Ne4 Be7 60.Ng3 Rf7 61.Nf5 Bg5+ 62.Ke4 Bf4 63.Ne3 Bg3 64.Nd5 Kd6
65.g5 Ke6 66.Ra3 Rb7 67.Ra6+ Kf7 68.Kf5 Kg7 69.Kg4 Bf2 70.Nf6 Be3 71.Re6 Rb1
72.Kf5 Rf1 73.Re7+ Kf8 74.Ke6  1-0

[Event "WY BU18 2012"]
[Site "Maribor SLO"]
[Date "2012.11.11"]
[Round "4.18"]
[White "Bernotas,A"]
[Black "Perez,Rob"]
[Result "1-0"]
[WhiteElo "2261"]
[BlackElo "2355"]

1.e4 c5 2.Nf3 d6 3.Bb5+ Nc6 4.Bxc6+ bxc6 5.O-O e5 6.c3 g5 7.d4 g4 8.Ne1 Ba6
9.Nd3 cxd4 10.cxd4 exd4 11.Re1 Bxd3 12.Qxd3 Bg7 13.Qg3 h5 14.Bf4 Be5 15.Bxe5 Qa5
16.Nd2 Qxe5 17.Qd3 Ne7 18.Nc4 Qf6 19.e5 dxe5 20.Rxe5 O-O 21.Rxh5 Qg7 22.h4 gxh3
23.Rxh3 Ng6 24.Rg3 Qf6 25.f4 Qxf4 26.Rf1 Qc7 27.Rf6 Kh8 28.Qxd4 Kg8 29.Qg4 Kh8
30.Qh5+  1-0

[Event "WY BU14 2012"]
[Site "Maribor SLO"]
[Date "2012.11.11"]
[Round "4.27"]
[White "Bayramov,Zaur"]
[Black "Pak,Alexander"]
[Result "1-0"]
[WhiteElo "1941"]
[BlackElo "2126"]

1.e4 c5 2.Nf3 d6 3.Bb5+ Nd7 4.O-O Nf6 5.Re1 a6 6.Bxd7+ Bxd7 7.e5 dxe5 8.Nxe5 g6
9.Qf3 Qc8 10.Nc4 Be6 11.Nb6 Qd8 12.Nxa8 Qxa8 13.Nc3 Bg7 14.d3 O-O 15.Be3 Qc8
16.h3 b5 17.Rad1 Rd8 18.Bc1 h6 19.Ne4 Nd5 20.a3 Nb6 21.b3 Bd5 22.Qe3 Nd7
23.Bd2 Qc7 24.c4 Bb7 25.cxb5 axb5 26.Rc1 Qc6 27.f3 Ne5 28.Rxc5 Qe8 29.Rxe5 Bxe5
30.Bc3 Bxc3 31.Nxc3 Qc6 32.Qxe7 Rxd3 33.Ne4 Qb6+ 34.Qc5 Qd8 35.Qxb5 Bxe4
36.Rxe4 Rd1+ 37.Kh2 Qc7+ 38.Qe5 Qb6 39.Re3 Qa6 40.Qf4 Qc6 41.a4 h5 42.Re7 Qd5
43.Qe5 Qxe5+ 44.Rxe5 Kg7 45.a5 Kf6 46.Rb5 Ke6 47.b4 Kd6 48.a6 Kc7 49.Rb7+ Kc8
50.b5 Ra1 51.Rxf7 Kb8 52.Kg3 Ra4 53.f4 Rb4 54.Rb7+ Ka8 55.Rb6 h4+ 56.Kxh4 Ka7
57.Rxg6 Rxb5 58.g4  1-0

[Event "WY BU18 2012"]
[Site "Maribor SLO"]
[Date "2012.11.11"]
[Round "4.39"]
[White "Skouvaklis,A"]
[Black "Jovancevic,J"]
[Result "1-0"]
[WhiteElo "2167"]
[BlackElo "2025"]

1.e4 c5 2.Nf3 d6 3.Bb5+ Bd7 4.Bxd7+ Nxd7 5.O-O e6 6.c3 Ngf6 7.Qe2 Rc8 8.d4 cxd4
9.cxd4 d5 10.e5 Ne4 11.Rd1 Bb4 12.Ne1 Qc7 13.Nd3 Qc4 14.Be3 O-O 15.f3 Nec5
16.dxc5 Nxe5 17.Na3 Bxa3 18.bxa3 d4 19.Rac1 Qd5 20.Nb4 d3 21.Nxd3 Nc6 22.Nb4 Qf5
23.Nxc6 Rxc6 24.Qd3 Qh5 25.Qe4 Rc7 26.Qg4 Qxg4 27.fxg4 Rfc8 28.Rb1 f6 29.Kf2 Kf7
30.a4 b6 31.cxb6 axb6 32.Rdc1 Rc4 33.Rxc4 Rxc4 34.Rxb6 Rxa4 35.Rb7+ Kg6 36.Ra7 Rxg4
37.a4 Kf5 38.Kf3 h5 39.a5 Ra4 40.a6 g5 41.Ra8 g4+ 42.Kf2 Ke4 43.Bb6 Ra2+
44.Kg3 h4+ 45.Kxg4 Rxg2+ 46.Kh3 Rb2 47.Rb8 Rb3+ 48.Kxh4  1-0

[Event "WY GU18 2012"]
[Site "Maribor SLO"]
[Date "2012.11.11"]
[Round "4"]
[White "Saranya,J"]
[Black "Brunello,M"]
[Result "0-1"]
[WhiteElo "2166"]
[BlackElo "2248"]

1.e4 c5 2.Nf3 d6 3.Bb5+ Nd7 4.c3 Nf6 5.Qe2 a6 6.Ba4 Qc7 7.d3 g6 8.O-O Bg7
9.Bc2 O-O 10.Nh4 b5 11.f4 Bb7 12.Nd2 Rfe8 13.Ndf3 e5 14.f5 c4 15.Ng5 cxd3
16.Bxd3 d5 17.fxg6 hxg6 18.Bc2 dxe4 19.Nxf7 Kxf7 20.Bb3+ Ke7 21.Nxg6+ Kd8
22.Bg5 Kc8 23.Kh1 Bc6 24.Bf7 Kb7 25.Bxe8 Rxe8 26.c4 Qd6 27.Nh4 Qd3 28.Qe1 e3
29.Nf5 Bf8 30.Nxe3 Bc5 31.cxb5 axb5 32.Rc1 Bxe3 33.Bxe3 Bxg2+ 34.Kxg2 Rg8+
35.Kh3 Rh8+ 36.Kg2 Rg8+ 37.Kh3 Rh8+ 38.Kg2 Rg8+ 39.Kh3 Qe4 40.Rg1 Qf5+  0-1

[Event "FSGM Nov 2012"]
[Site "Budapest HUN"]
[Date "2012.11.12"]
[Round "12.2"]
[White "Gledura,B"]
[Black "Szabo,Krisz1"]
[Result "1/2-1/2"]
[WhiteElo "2336"]
[BlackElo "2541"]

1.e4 c5 2.Nf3 d6 3.Bb5+ Nc6 4.Bxc6+ bxc6 5.O-O Bg4 6.h3 Bh5 7.e5 e6 8.exd6 Bxd6
9.d3 Nf6 10.Nbd2 O-O 11.Qe2 Rb8 12.Nc4 Bc7  1/2-1/2

[Event "FIDE WCh Women World Cup"]
[Site "Khanty-Mansiysk RUS"]
[Date "2012.11.12"]
[Round "1.2"]
[White "Pourkashiyan,A"]
[Black "Ju Wenjun"]
[Result "1-0"]
[WhiteElo "2321"]
[BlackElo "2501"]

1.e4 c5 2.Nf3 d6 3.Bb5+ Nd7 4.d4 cxd4 5.Qxd4 a6 6.Bxd7+ Bxd7 7.O-O e5 8.Qd3 h6
9.c4 b5 10.Nfd2 Nf6 11.Rd1 Be7 12.Nc3 Qb6 13.a4 b4 14.Nd5 Nxd5 15.cxd5 O-O
16.Nc4 Qd8 17.Be3 f5 18.f3 Rb8 19.b3 f4 20.Ba7 Rb7 21.Bf2 Rf6 22.Rac1 Rg6
23.Kh1 Bh4 24.Bxh4 Qxh4 25.Na5 Rb8 26.Rc7 Qd8 27.Rdc1 Kh7 28.Qxa6 h5 29.Qa7 Rc8
30.Rxc8 Bxc8 31.Nc6 Qg5 32.Rg1 Rf6 33.a5 h4 34.Qf2 Rf7 35.Ra1  1-0

[Event "FIDE WCh Women World Cup"]
[Site "Khanty-Mansiysk RUS"]
[Date "2012.11.12"]
[Round "1.2"]
[White "Kosintseva,N"]
[Black "Castrillon Gomez,M"]
[Result "1-0"]
[WhiteElo "2539"]
[BlackElo "2159"]

1.e4 c5 2.Nf3 d6 3.Bb5+ Bd7 4.Bxd7+ Qxd7 5.O-O Nc6 6.c3 Nf6 7.d4 Nxe4 8.d5 Nb8
9.Re1 Nf6 10.Bg5 Na6 11.c4 h6 12.Bxf6 gxf6 13.Nbd2 Rg8 14.a3 h5 15.b4 Bh6
16.Ne4 Kf8 17.Ng3 cxb4 18.axb4 Nxb4 19.Qb1 a5 20.Nf5 Bf4 21.Rxe7 Qc8 22.g3 Ra6
23.Qe4 Be5 24.Nxe5 fxe5 25.Qf3 Qxf5 26.Qxf5 Kxe7 27.c5 Nxd5 28.cxd6+ Kxd6
29.Qxf7 Rb8 30.Rd1  1-0

[Event "WY BU14 2012"]
[Site "Maribor SLO"]
[Date "2012.11.12"]
[Round "5.31"]
[White "Plenca,Jadranko"]
[Black "Tica,Sven"]
[Result "1/2-1/2"]
[WhiteElo "2072"]
[BlackElo "1931"]

1.e4 c5 2.Nf3 d6 3.Bb5+ Bd7 4.Bxd7+ Qxd7 5.c4 Nf6 6.Nc3 Nc6 7.d4 cxd4 8.Nxd4 g6
9.f3 Bg7 10.Be3 O-O 11.O-O Rac8 12.Nde2 Rfd8 13.Qd2 e6 14.Rfd1 b6 15.Rac1 Ne7
16.Bg5 h6 17.Bxh6 Rxc4 18.Ng3 d5 19.Bxg7 Kxg7 20.Qg5  1/2-1/2

[Event "WY BU14 2012"]
[Site "Maribor SLO"]
[Date "2012.11.12"]
[Round "6.58"]
[White "Ahmed,Fareed"]
[Black "Doknjas,John"]
[Result "0-1"]
[WhiteElo "1754"]
[BlackElo "1900"]

1.e4 c5 2.Nf3 d6 3.Bb5+ Bd7 4.Bxd7+ Qxd7 5.O-O Nf6 6.Nc3 Nc6 7.d4 cxd4 8.Nxd4 e6
9.Bg5 Be7 10.Qd2 h6 11.Bh4 Nxe4 12.Nxe4 Bxh4 13.Nxc6 Qxc6 14.Nxd6+ Ke7 15.Qb4 Qxd6
16.Qxh4+ g5 17.Qe4 Qc6 18.Qb4+ Kf6 19.f4 Kg6 20.fxg5 hxg5 21.Qe7 f5 22.Rae1 Rhe8
23.Qa3 Qxc2 24.Qa5 b6 25.Qa6 Qxb2 26.Qd3 Qf6 27.g4 Rad8 28.Qe3 f4 29.Qe4+ Kg7
30.Rd1 Qc3 31.Qb7+ Kh6 32.Qf7 Qe3+ 33.Kh1 Qe4+ 34.Kg1 Qg6 35.Qxa7 e5 36.Qc7 Rxd1
37.Rxd1 e4 38.Rd6 Re6 39.Rd8 Qg7 40.Qc8 Qa1+ 41.Kg2 f3+ 42.Kf2 e3+  0-1

[Event "WY BU14 2012"]
[Site "Maribor SLO"]
[Date "2012.11.12"]
[Round "6.39"]
[White "Cori Quispe,Kevin"]
[Black "Hoang,Harry"]
[Result "1/2-1/2"]
[WhiteElo "2073"]
[BlackElo "1919"]

1.e4 c5 2.Nf3 d6 3.Bb5+ Bd7 4.Bxd7+ Qxd7 5.c4 Nc6 6.d4 cxd4 7.Nxd4 g6 8.O-O Bg7
9.Be3 Nf6 10.Nc3 O-O 11.f3 Rac8 12.b3 b6 13.Qd2 Qb7 14.Rac1 Nd7 15.Rfd1 Nc5
16.Nd5 Nxd4 17.Bxd4 Ne6 18.Bxg7 Kxg7 19.f4 Nc5 20.Re1 Rfe8 21.h4 Nd7 22.h5 Nf6
23.Qc3 Qc6 24.Re3 h6 25.Rg3 e5 26.Nxf6 Kxf6 27.Rf1 Kg7 28.hxg6 fxg6 29.f5 g5
30.f6+ Kf7 31.Qf3 Rg8 32.Qh5+ Rg6 33.Rxg5 Qxe4 34.Rxg6 Qxg6 35.Qh3 Rd8 36.Rf5 Rg8
37.Rh5 Qg4 38.Qxg4 Rxg4 39.Rxh6 Rf4 40.Rh7+ Kxf6 41.Rxa7 e4 42.g3 Rf5 43.Ra8 Ke5
44.Re8+ Kd4 45.Re6 e3 46.g4 Rf4 47.Kg2 Kd3 48.Rxd6+ Kc2 49.Rxb6 e2 50.Re6 Kd2
51.g5 e1=Q 52.Rxe1 Kxe1 53.Kg3 Rf1 54.Kg4  1/2-1/2